| 000 | 00937nam a2200217 a 4500 | ||
|---|---|---|---|
| 001 | 000700628 | ||
| 003 | AM-YeHGA | ||
| 005 | 20250617142524.0 | ||
| 008 | 091201s1966 ||| r 000 0 rus d | ||
| 040 | _aAM-YeHGA | ||
| 041 | 0 | _arus | |
| 100 | 1 | _aГерке, Р. П. | |
| 245 | 1 | 0 |
_aО гипнозе и внушении / _cР.П. Герке; Латвийский НИИ экспериментальной и клинической медицины М-ва здравоохранения Латв.ССР. |
| 260 |
_aРига : _bЗинатне, _c1966. |
||
| 300 | _a75 с. | ||
| 504 | _aБиблиогр.: с. 74 | ||
| 653 | 0 | _aГипноз | |
| 653 | 0 | _aВнушение | |
| 710 | 2 | _aЛатвийский научно-исследовательский институт экспериментальной и клинической медицины М-ва здравоохранения Латв.ССР | |
| 090 | _c260985 | ||
| 999 |
_c259375 _d259375 |
||